| 000 | 01329nam a2200373 a 4500 | ||
|---|---|---|---|
| 001 | 000108556 | ||
| 003 | CHAP | ||
| 005 | 20220329144017.0 | ||
| 008 | 140224s2012 mx sm |||||||spa d | ||
| 010 | _a105018 | ||
| 011 | _a105990 | ||
| 040 | _cCHAP | ||
| 090 | _aTesis | ||
| 100 | 1 |
_aSansón Figueroa, Josué Miguel _9125581 |
|
| 245 | 1 | 0 |
_aTraducibilidad y ruralidad _h[En línea] _cpor Josué Miguel Sansón Figueroa. |
| 260 |
_aChapingo, Méx. : _bEl autor, _c2012. |
||
| 500 | _aPara ver el contenido del material haga clic en la liga | ||
| 502 | _aTesis (MC. en Sociología Rural)-- UACH. Sociología Rural | ||
| 590 |
_aBATCH-UPD _b05 _c20140224 _lUCH01 _h1207 |
||
| 590 |
_aBATCH-UPD _b10 _c20140324 _lUCH01 _h1535 |
||
| 590 |
_aBATCH-UPD _b10 _c20141002 _lUCH01 _h0856 |
||
| 590 |
_aE11695DGD _b10 _c20140228 _lUCH01 _h1451 |
||
| 590 |
_aE5765TAJ _b05 _c20140224 _lUCH01 _h1206 |
||
| 590 |
_aE5765TAJ _b05 _c20140224 _lUCH01 _h1330 |
||
| 590 |
_aE5765TAJ _b05 _c20140224 _lUCH01 _h1330 |
||
| 590 |
_aE5765TAJ _b05 _c20140224 _lUCH01 _h1331 |
||
| 650 | 1 | 4 |
_aLingüística. _966979 |
| 650 | 1 | 4 |
_aTraducción _xAspectos filosóficos. _9125584 |
| 650 | 1 | 4 |
_aTraducción _xAspectos sociales. _9125585 |
| 856 |
_aFinding aid _uhttp://10.13.5.2/tesis/sist108556.pdf _zTeclea aquí |
||
| 901 | _aBK | ||
| 942 | _cTESIS | ||
| 942 | _n0 | ||
| 999 |
_c105018 _d105018 |
||